[Event "World Chess Olympiad 2018"]
[Site "Batumi"]
[Date "2018.10.05"]
[Round "11"]
[Board "2"]
[WhiteFideId "11300280"]
[White "Khetho Phemelo"]
[BlackFideId "7601948"]
[Black "Chekh Adm Khedr Aram"]
[Result "1-0"]
[LiveChessVersion "1.4.8"]
[BlackElo "2171"]
[WhiteElo "2158"]

1. e4 {[%clk 1:30:10]} c5 {[%clk 1:30:58]} 2. b3 {[%clk 1:30:27]} Nc6
{[%clk 1:31:22]} 3. Bb5 {[%clk 1:30:21]} d6 {[%clk 1:29:00]} 4. Bxc6+
{[%clk 1:30:29]} bxc6 {[%clk 1:29:28]} 5. Bb2 {[%clk 1:30:45]} Nf6
{[%clk 1:27:56]} 6. d3 {[%clk 1:29:20]} e5 {[%clk 1:27:16]} 7. Ne2
{[%clk 1:28:56]} Be7 {[%clk 1:27:28]} 8. O-O {[%clk 1:28:49]} O-O
{[%clk 1:26:18]} 9. f4 {[%clk 1:24:04]} Ng4 {[%clk 1:18:26]} 10. Qd2
{[%clk 1:21:05]} exf4 {[%clk 1:16:13]} 11. Nxf4 {[%clk 1:20:41]} Bf6
{[%clk 1:15:49]} 12. Bxf6 {[%clk 1:18:31]} Nxf6 {[%clk 1:10:57]} 13. Nc3
{[%clk 1:13:27]} d5 {[%clk 1:07:35]} 14. Rae1 {[%clk 1:11:07]} Re8
{[%clk 0:52:03]} 15. exd5 {[%clk 1:09:47]} Bb7 {[%clk 0:49:54]} 16. dxc6
{[%clk 1:02:40]} Bxc6 {[%clk 0:47:55]} 17. Rxe8+ {[%clk 1:02:56]} Qxe8
{[%clk 0:48:23]} 18. Qf2 {[%clk 1:02:07]} Qe5 {[%clk 0:48:29]} 19. Nfe2
{[%clk 1:00:43]} Re8 {[%clk 0:47:23]} 20. Qf4 {[%clk 0:59:41]} Qe7
{[%clk 0:46:44]} 21. Ng3 {[%clk 0:59:32]} Qb7 {[%clk 0:45:54]} 22. Nf5
{[%clk 0:55:55]} Re6 {[%clk 0:40:54]} 23. Nxg7 {[%clk 0:52:49]} Kxg7
{[%clk 0:39:33]} 24. Qg5+ {[%clk 0:53:09]} Kh8 {[%clk 0:39:09]} 25. Rxf6
{[%clk 0:52:39]} Qe7 {[%clk 0:39:37]} 26. Rf5 {[%clk 0:52:39]} Qxg5
{[%clk 0:37:15]} 27. Rxg5 {[%clk 0:53:08]} Re1+ {[%clk 0:37:45]} 28. Kf2
{[%clk 0:53:15]} Rc1 {[%clk 0:38:13]} 29. Rxc5 {[%clk 0:53:26]} Rxc2+
{[%clk 0:38:37]} 30. Ke3 {[%clk 0:53:43]} Bxg2 {[%clk 0:38:53]} 31. h4
{[%clk 0:51:23]} Kg7 {[%clk 0:35:28]} 32. Rg5+ {[%clk 0:47:14]} Kf8
{[%clk 0:35:57]} 33. Ne2 {[%clk 0:47:07]} Bf1 {[%clk 0:36:24]} 34. Ng3
{[%clk 0:47:10]} Bh3 {[%clk 0:35:39]} 35. Ra5 {[%clk 0:47:22]} Rc7
{[%clk 0:35:26]} 36. Ne4 {[%clk 0:46:05]} h6 {[%clk 0:35:27]} 37. b4
{[%clk 0:43:14]} Bg2 {[%clk 0:34:02]} 38. Rc5 {[%clk 0:42:49]} Re7
{[%clk 0:32:41]} 39. b5 {[%clk 0:42:26]} Bxe4 {[%clk 0:30:29]} 40. dxe4
{[%clk 1:12:47]} Rd7 {[%clk 1:00:58]} 41. a4 {[%clk 1:12:35]} Kg7
{[%clk 1:01:17]} 42. Rc6 {[%clk 1:12:12]} Rd1 {[%clk 1:01:16]} 43. Rc7
{[%clk 1:11:49]} Rh1 {[%clk 1:01:24]} 44. Rxa7 {[%clk 1:11:37]} Rxh4
{[%clk 1:01:48]} 45. Rc7 {[%clk 1:07:57]} Rh3+ {[%clk 1:02:12]} 46. Kd4
{[%clk 1:08:18]} Ra3 {[%clk 1:02:22]} 47. Rc4 {[%clk 1:08:09]} h5
{[%clk 1:01:54]} 48. b6 {[%clk 1:08:06]} Rb3 {[%clk 1:02:06]} 49. Kc5
{[%clk 1:07:30]} h4 {[%clk 1:02:30]} 50. a5 {[%clk 1:07:38]} h3 {[%clk 1:02:54]}
51. Rc2 {[%clk 1:07:55]} 1-0

[Event "World Chess Olympiad 2018"]
[Site "Batumi"]
[Date "2018.10.05"]
[Round "11"]
[Board "3"]
[WhiteFideId "7603495"]
[White "Koniahli Malek."]
[BlackFideId "11300710"]
[Black "Notha Moakofi"]
[Result "1-0"]
[LiveChessVersion "1.4.8"]
[BlackElo "2071"]
[WhiteElo "2328"]

1. e4 {[%clk 1:30:57]} e5 {[%clk 1:30:33]} 2. Nf3 {[%clk 1:31:22]} Nc6
{[%clk 1:30:51]} 3. Bb5 {[%clk 1:31:31]} a6 {[%clk 1:31:15]} 4. Ba4
{[%clk 1:31:58]} Nf6 {[%clk 1:31:38]} 5. O-O {[%clk 1:31:25]} Be7
{[%clk 1:32:00]} 6. Re1 {[%clk 1:31:49]} b5 {[%clk 1:32:23]} 7. Bb3
{[%clk 1:32:16]} d6 {[%clk 1:32:44]} 8. h3 {[%clk 1:32:37]} Na5 {[%clk 1:27:55]}
9. d4 {[%clk 1:31:27]} Nd7 {[%clk 1:22:06]} 10. c3 {[%clk 1:28:33]} Nxb3
{[%clk 1:22:11]} 11. axb3 {[%clk 1:27:17]} Bf6 {[%clk 1:19:38]} 12. Nbd2
{[%clk 1:23:44]} O-O {[%clk 1:18:15]} 13. b4 {[%clk 1:23:37]} Re8
{[%clk 1:13:26]} 14. d5 {[%clk 1:22:18]} Nf8 {[%clk 1:11:26]} 15. Nb3
{[%clk 1:21:49]} Bd7 {[%clk 1:07:27]} 16. Na5 {[%clk 1:21:55]} Ng6
{[%clk 1:07:25]} 17. b3 {[%clk 1:18:14]} h6 {[%clk 1:03:46]} 18. Re2
{[%clk 1:09:58]} Qc8 {[%clk 1:02:11]} 19. Rea2 {[%clk 1:00:00]} Be7
{[%clk 0:56:37]} 20. Nc6 {[%clk 0:53:56]} f5 {[%clk 0:54:56]} 21. exf5
{[%clk 0:54:07]} Bxf5 {[%clk 0:55:16]} 22. c4 {[%clk 0:54:06]} bxc4
{[%clk 0:54:08]} 23. bxc4 {[%clk 0:54:31]} Rf8 {[%clk 0:51:42]} 24. b5
{[%clk 0:51:39]} e4 {[%clk 0:32:56]} 25. Nxe7+ {[%clk 0:47:07]} Nxe7
{[%clk 0:32:07]} 26. Nd4 {[%clk 0:47:35]} Ng6 {[%clk 0:29:53]} 27. Rxa6
{[%clk 0:45:42]} Rb8 {[%clk 0:25:07]} 28. Nc6 {[%clk 0:43:24]} Bxh3
{[%clk 0:20:42]} 29. Qh5 {[%clk 0:42:15]} Qf5 {[%clk 0:19:51]} 30. Qxf5
{[%clk 0:40:38]} Bxf5 {[%clk 0:20:08]} 31. Nxb8 {[%clk 0:41:04]} Rxb8
{[%clk 0:20:21]} 32. Ra8 {[%clk 0:41:30]} Rxa8 {[%clk 0:14:10]} 33. Rxa8+
{[%clk 0:41:57]} Nf8 {[%clk 0:13:18]} 34. Ra7 {[%clk 0:41:36]} 1-0

[Event "World Chess Olympiad 2018"]
[Site "Batumi"]
[Date "2018.10.05"]
[Round "11"]
[Board "4"]
[WhiteFideId "11300353"]
[White "Gumpo Thabo"]
[BlackFideId "7609337"]
[Black "Alhammada Imad."]
[Result "1-0"]
[LiveChessVersion "1.4.8"]
[BlackElo "2118"]
[WhiteElo "2059"]

1. e4 {[%clk 1:30:47]} Nc6 {[%clk 1:30:42]} 2. b3 {[%clk 1:30:18]} e5
{[%clk 1:30:11]} 3. Nc3 {[%clk 1:30:03]} Nf6 {[%clk 1:30:09]} 4. Bb2
{[%clk 1:29:56]} a6 {[%clk 1:30:12]} 5. Nf3 {[%clk 1:27:35]} Bc5 {[%clk 1:29:49]}
6. Bc4 {[%clk 1:27:22]} O-O {[%clk 1:29:45]} 7. a4 {[%clk 1:26:23]} d6
{[%clk 1:29:26]} 8. h3 {[%clk 1:26:40]} Qe7 {[%clk 1:19:32]} 9. O-O
{[%clk 1:25:54]} Nd4 {[%clk 1:14:30]} 10. Re1 {[%clk 1:14:41]} Ne6
{[%clk 1:11:19]} 11. Nd5 {[%clk 1:11:00]} Nxd5 {[%clk 1:08:10]} 12. exd5
{[%clk 1:11:10]} Nf4 {[%clk 1:07:48]} 13. d4 {[%clk 1:11:08]} Bxh3
{[%clk 1:03:13]} 14. gxh3 {[%clk 1:07:49]} Nxh3+ {[%clk 0:57:38]} 15. Kf1
{[%clk 1:08:05]} Ba7 {[%clk 0:46:36]} 16. Ng1 {[%clk 1:07:01]} Nf4
{[%clk 0:39:43]} 17. dxe5 {[%clk 1:06:18]} b5 {[%clk 0:35:44]} 18. axb5
{[%clk 0:57:16]} axb5 {[%clk 0:33:47]} 19. Bxb5 {[%clk 0:56:47]} dxe5
{[%clk 0:32:06]} 20. Bc6 {[%clk 0:40:19]} Qc5 {[%clk 0:31:53]} 21. Qf3
{[%clk 0:38:24]} f6 {[%clk 0:28:14]} 22. Ba3 {[%clk 0:32:34]} Qb6
{[%clk 0:24:38]} 23. Bxa8 {[%clk 0:32:23]} Rxa8 {[%clk 0:24:53]} 24. Bc1
{[%clk 0:32:41]} Qb7 {[%clk 0:20:07]} 25. Bxf4 {[%clk 0:26:09]} exf4
{[%clk 0:20:27]} 26. d6 {[%clk 0:26:00]} c6 {[%clk 0:20:24]} 27. Re7
{[%clk 0:24:41]} 1-0

[Event "World Chess Olympiad 2018"]
[Site "Batumi"]
[Date "2018.10.05"]
[Round "11"]
[Board "1"]
[WhiteFideId "8200165"]
[White "Giasi Viresh"]
[BlackFideId "14800098"]
[Black "Paiva Donaldo"]
[Result "0-1"]
[LiveChessVersion "1.4.8"]
[BlackElo "2206"]
[WhiteElo "2024"]

1. d4 {[%clk 1:30:27]} Nf6 {[%clk 1:30:53]} 2. c4 {[%clk 1:30:53]} e6
{[%clk 1:31:19]} 3. Nf3 {[%clk 1:29:49]} b6 {[%clk 1:31:42]} 4. g3
{[%clk 1:28:40]} Bb7 {[%clk 1:31:09]} 5. Bg2 {[%clk 1:29:07]} Bb4+
{[%clk 1:31:32]} 6. Bd2 {[%clk 1:29:06]} c5 {[%clk 1:31:52]} 7. Bxb4
{[%clk 1:28:49]} cxb4 {[%clk 1:32:14]} 8. O-O {[%clk 1:29:05]} O-O
{[%clk 1:32:05]} 9. Nbd2 {[%clk 1:27:38]} a5 {[%clk 1:25:49]} 10. Re1
{[%clk 1:27:29]} d6 {[%clk 1:24:05]} 11. e4 {[%clk 1:26:31]} Qc7 {[%clk 1:24:26]}
12. e5 {[%clk 1:00:56]} dxe5 {[%clk 1:24:31]} 13. Nxe5 {[%clk 0:59:41]} Bxg2
{[%clk 1:23:49]} 14. Kxg2 {[%clk 1:00:01]} Nc6 {[%clk 1:23:38]} 15. Ne4
{[%clk 0:52:36]} Nxe5 {[%clk 1:17:58]} 16. dxe5 {[%clk 0:49:27]} Qxe5
{[%clk 1:16:44]} 17. f4 {[%clk 0:48:40]} Qf5 {[%clk 1:11:13]} 18. Nxf6+
{[%clk 0:48:27]} Qxf6 {[%clk 1:11:36]} 19. Re5 {[%clk 0:48:54]} Rfd8
{[%clk 1:11:08]} 20. Qe2 {[%clk 0:49:09]} g6 {[%clk 1:08:53]} 21. Qe3
{[%clk 0:48:45]} Rd6 {[%clk 1:09:01]} 22. Rc1 {[%clk 0:48:14]} Qd8
{[%clk 1:07:51]} 23. Rc2 {[%clk 0:48:03]} Rd3 {[%clk 1:06:51]} 24. Qf2
{[%clk 0:47:57]} Rc8 {[%clk 1:05:21]} 25. b3 {[%clk 0:43:36]} Qd6
{[%clk 1:01:32]} 26. Kh3 {[%clk 0:39:48]} Rc5 {[%clk 1:00:00]} 27. Ree2
{[%clk 0:38:46]} Qc6 {[%clk 0:58:50]} 28. Re5 {[%clk 0:38:47]} Qd6
{[%clk 0:50:42]} 29. Rce2 {[%clk 0:36:29]} Rxe5 {[%clk 0:48:22]} 30. fxe5
{[%clk 0:36:18]} Qd4 {[%clk 0:46:52]} 31. Qg2 {[%clk 0:34:34]} h5
{[%clk 0:45:05]} 32. Re4 {[%clk 0:32:10]} Qd8 {[%clk 0:44:49]} 33. Qf1
{[%clk 0:30:58]} Rd2 {[%clk 0:44:43]} 34. Rf4 {[%clk 0:26:20]} 0-1

[Event "World Chess Olympiad 2018"]
[Site "Batumi"]
[Date "2018.10.05"]
[Round "11"]
[Board "2"]
[WhiteFideId "14800268"]
[White "Calicoca Wilton Inacio"]
[BlackFideId "8200041"]
[Black "Gajadin Dewperkash"]
[Result "1-0"]
[LiveChessVersion "1.4.8"]
[BlackElo "2010"]
[WhiteElo "2135"]

1. e4 {[%clk 1:30:58]} e5 {[%clk 1:30:57]} 2. Nf3 {[%clk 1:31:23]} Nc6
{[%clk 1:31:20]} 3. Bb5 {[%clk 1:31:42]} a6 {[%clk 1:31:30]} 4. Ba4
{[%clk 1:32:10]} Nf6 {[%clk 1:31:38]} 5. d3 {[%clk 1:32:38]} d6 {[%clk 1:24:59]}
6. c3 {[%clk 1:33:04]} Be7 {[%clk 1:24:30]} 7. O-O {[%clk 1:33:32]} O-O
{[%clk 1:23:58]} 8. Re1 {[%clk 1:33:49]} Bg4 {[%clk 1:21:49]} 9. h3
{[%clk 1:34:02]} Bh5 {[%clk 1:21:42]} 10. Nbd2 {[%clk 1:34:17]} b5 11. Bc2
{[%clk 1:32:06]} d5 {[%clk 1:07:01]} 12. Qe2 {[%clk 1:31:31]} dxe4
{[%clk 0:51:00]} 13. dxe4 {[%clk 1:28:50]} Nd7 {[%clk 0:45:02]} 14. Nf1
{[%clk 1:28:43]} f6 {[%clk 0:41:19]} 15. a4 {[%clk 1:20:23]} Na7 {[%clk 0:21:51]}
16. Rd1 {[%clk 1:19:53]} Qc8 {[%clk 0:21:32]} 17. Ng3 {[%clk 1:20:17]} Bf7
{[%clk 0:21:48]} 18. Nh4 {[%clk 1:20:17]} Rd8 {[%clk 0:17:24]} 19. Nhf5
{[%clk 1:20:30]} Bf8 {[%clk 0:15:06]} 20. Nh5 {[%clk 1:13:15]} Nc5
{[%clk 0:12:32]} 21. Rxd8 {[%clk 1:06:29]} Qxd8 {[%clk 0:12:51]} 22. Be3
{[%clk 1:03:55]} Ne6 {[%clk 0:04:41]} 23. Qg4 {[%clk 0:57:08]} Kh8
{[%clk 0:03:00]} 24. Nhg3 {[%clk 0:52:11]} Nc6 {[%clk 0:01:29]} 25. Qe2
{[%clk 0:52:15]} b4 {[%clk 0:01:27]} 26. a5 {[%clk 0:47:20]} bxc3
{[%clk 0:00:41]} 27. bxc3 {[%clk 0:47:41]} Ne7 {[%clk 0:00:50]} 28. Bd3
{[%clk 0:47:43]} Qc8 {[%clk 0:01:00]} 29. Bc4 {[%clk 0:40:08]} Ng6
{[%clk 0:01:02]} 30. Qa2 {[%clk 0:40:07]} Qe8 {[%clk 0:01:03]} 31. Bd5
{[%clk 0:39:12]} c6 {[%clk 0:01:16]} 32. Bc4 {[%clk 0:39:13]} Nd8
{[%clk 0:00:53]} 33. Rb1 {[%clk 0:38:58]} Bxc4 {[%clk 0:00:51]} 34. Qxc4
{[%clk 0:39:23]} Ne6 {[%clk 0:00:44]} 35. Rb6 {[%clk 0:38:53]} Ngf4
{[%clk 0:00:37]} 36. Rxa6 {[%clk 0:34:00]} Rd8 {[%clk 0:00:36]} 37. Rxc6
{[%clk 0:33:34]} Ng5 {[%clk 0:00:47]} 38. h4 {[%clk 0:31:17]} Nge6
{[%clk 0:01:16]} 39. Bxf4 {[%clk 0:29:01]} Nxf4 {[%clk 0:01:38]} 40. Ne3
{[%clk 0:59:05]} Qd7 {[%clk 0:31:22]} 41. a6 {[%clk 0:58:23]} Qd2
{[%clk 0:28:30]} 42. Rc8 {[%clk 0:53:51]} Qe1+ {[%clk 0:22:01]} 43. Nef1
{[%clk 0:53:18]} Ne2+ {[%clk 0:13:07]} 44. Qxe2 1-0

[Event "World Chess Olympiad 2018"]
[Site "Batumi"]
[Date "2018.10.05"]
[Round "11"]
[Board "3"]
[WhiteFideId "8200211"]
[White "Sanches Casanova Romario"]
[BlackFideId "14800276"]
[Black "Chunguane Ilidio Alberto"]
[Result "1/2-1/2"]
[LiveChessVersion "1.4.8"]
[BlackElo "2054"]
[WhiteElo "2029"]

1. c4 {[%clk 1:30:57]} Nf6 {[%clk 1:29:26]} 2. Nc3 {[%clk 1:31:23]} c6
{[%clk 1:28:12]} 3. e4 {[%clk 1:31:43]} d6 {[%clk 1:25:12]} 4. d4
{[%clk 1:29:12]} e5 {[%clk 1:21:22]} 5. dxe5 {[%clk 1:28:53]} dxe5
{[%clk 1:21:50]} 6. Qxd8+ {[%clk 1:29:11]} Kxd8 {[%clk 1:22:08]} 7. Nf3
{[%clk 1:28:36]} Bd6 {[%clk 1:18:48]} 8. Bg5 {[%clk 1:28:12]} Ke7
{[%clk 1:11:26]} 9. Be2 {[%clk 1:17:39]} Bg4 {[%clk 1:05:52]} 10. h3
{[%clk 1:17:04]} Be6 {[%clk 1:02:32]} 11. Bh4 {[%clk 1:11:22]} h6
{[%clk 1:00:13]} 12. O-O {[%clk 1:06:17]} Nbd7 {[%clk 0:55:14]} 13. a3
{[%clk 1:00:18]} a5 {[%clk 0:53:46]} 14. Rad1 {[%clk 0:58:27]} g5
{[%clk 0:49:45]} 15. Bg3 {[%clk 0:58:54]} Nh5 {[%clk 0:49:37]} 16. Bh2
{[%clk 0:48:15]} Nf4 {[%clk 0:47:23]} 17. Bxf4 {[%clk 0:48:31]} exf4
{[%clk 0:42:16]} 18. Nd4 {[%clk 0:46:11]} Ne5 {[%clk 0:39:26]} 19. Nf5+
{[%clk 0:45:07]} Bxf5 {[%clk 0:39:27]} 20. exf5 {[%clk 0:45:29]} f6
{[%clk 0:32:50]} 21. Ne4 {[%clk 0:43:41]} Rad8 {[%clk 0:31:03]} 22. c5
{[%clk 0:42:41]} Bc7 {[%clk 0:30:54]} 23. b4 {[%clk 0:42:08]} axb4
{[%clk 0:23:06]} 24. axb4 {[%clk 0:42:36]} Rxd1 {[%clk 0:22:24]} 25. Rxd1
{[%clk 0:41:32]} Rd8 {[%clk 0:20:22]} 26. Rxd8 {[%clk 0:40:13]} Bxd8
{[%clk 0:20:27]} 27. Nd6 {[%clk 0:40:21]} b5 {[%clk 0:19:34]} 28. Kf1
{[%clk 0:34:10]} Bc7 {[%clk 0:18:14]} 29. Ne4 {[%clk 0:34:38]} Nd7
{[%clk 0:17:34]} 30. Ke1 {[%clk 0:30:51]} Nb8 {[%clk 0:14:15]} 31. Kd2
{[%clk 0:30:56]} Be5 {[%clk 0:13:22]} 32. Kc2 {[%clk 0:31:00]} Na6
{[%clk 0:13:12]} 33. Kb3 {[%clk 0:31:19]} Nc7 {[%clk 0:11:30]} 34. Bf3
{[%clk 0:30:26]} Kd7 {[%clk 0:11:24]} 35. Be2 {[%clk 0:24:05]} Nd5
{[%clk 0:11:06]} 36. Bf3 {[%clk 0:23:57]} Ne7 {[%clk 0:09:32]} 37. Bh5
{[%clk 0:19:15]} Kc7 {[%clk 0:09:22]} 38. Bg4 {[%clk 0:19:17]} h5
{[%clk 0:07:34]} 39. Bxh5 {[%clk 0:19:44]} Nxf5 {[%clk 0:07:52]} 40. Bd1
{[%clk 0:44:38]} Nh4 {[%clk 0:35:54]} 41. Bf3 {[%clk 0:38:23]} Kd7
{[%clk 0:28:20]} 42. Kc2 {[%clk 0:38:27]} Nxf3 {[%clk 0:25:21]} 43. gxf3
{[%clk 0:38:55]} Ke6 {[%clk 0:24:08]} 44. Kd3 {[%clk 0:38:37]} Bc7
{[%clk 0:22:50]} 45. Kd4 {[%clk 0:37:42]} Bd8 {[%clk 0:22:23]} 46. Kd3
{[%clk 0:35:11]} Be7 {[%clk 0:21:41]} 47. Nd2 {[%clk 0:34:13]} Kd5
{[%clk 0:20:27]} 48. Ne4 {[%clk 0:32:37]} f5 {[%clk 0:18:30]} 49. Nc3+
{[%clk 0:32:59]} Ke6 {[%clk 0:16:52]} 50. Ne2 {[%clk 0:32:37]} Bf6
{[%clk 0:16:52]} 51. Nd4+ {[%clk 0:31:41]} Bxd4 {[%clk 0:16:42]} 52. Kxd4
{[%clk 0:32:08]} Kf6 {[%clk 0:17:08]} 53. Kd3 {[%clk 0:32:21]} Kg6
{[%clk 0:16:26]} 54. Kd4 {[%clk 0:32:18]} Kf6 {[%clk 0:15:08]} 55. Kd3
{[%clk 0:31:07]} Ke5 {[%clk 0:15:33]} 56. Kc3 {[%clk 0:31:28]} Kd5
{[%clk 0:13:12]} 57. Kd3 {[%clk 0:31:56]} Ke5 {[%clk 0:12:31]} 58. Kc3
{[%clk 0:32:24]} Kf6 {[%clk 0:10:35]} 59. Kd4 {[%clk 0:32:40]} Ke6
{[%clk 0:08:12]} 60. Kd3 {[%clk 0:32:48]} Kd5 {[%clk 0:08:08]} 61. Kc3
{[%clk 0:33:02]} Ke6 {[%clk 0:03:31]} 62. Kd3 {[%clk 0:33:00]} Kd7
{[%clk 0:03:54]} 63. Kd4 {[%clk 0:33:16]} Ke6 {[%clk 0:04:09]} 64. Kd3
{[%clk 0:33:36]} Ke7 {[%clk 0:04:36]} 65. Kd4 {[%clk 0:33:54]} Kf6
{[%clk 0:05:02]} 66. Kd3 {[%clk 0:34:08]} Ke7 {[%clk 0:01:44]} 67. Kd4
{[%clk 0:34:29]} Ke6 {[%clk 0:01:53]} 68. Kd3 {[%clk 0:34:49]} Kf7
{[%clk 0:02:22]} 69. Kd4 {[%clk 0:35:10]} Kf6 {[%clk 0:02:51]} 70. Kd3
{[%clk 0:35:20]} Kg7 {[%clk 0:01:06]} 71. Kd4 {[%clk 0:35:44]} Kf6
{[%clk 0:01:24]} 72. Kd3 {[%clk 0:36:10]} Ke5 {[%clk 0:01:04]} 73. Kc3
{[%clk 0:36:28]} Kf6 {[%clk 0:00:45]} 74. Kd4 {[%clk 0:36:40]} Ke6
{[%clk 0:01:12]} 75. Kd3 {[%clk 0:37:00]} Ke5 {[%clk 0:01:42]} 76. Kc3
{[%clk 0:37:28]} Kd5 {[%clk 0:00:46]} 77. Kd3 {[%clk 0:37:55]} Ke5
{[%clk 0:00:45]} 78. Kc3 {[%clk 0:38:24]} Ke6 {[%clk 0:00:50]} 79. Kd3
{[%clk 0:38:41]} Kf7 {[%clk 0:01:05]} 80. Kd4 {[%clk 0:38:56]} Kf6
{[%clk 0:01:27]} 81. Kd3 {[%clk 0:39:25]} Ke5 {[%clk 0:00:34]} 82. Kc3
{[%clk 0:39:53]} Kd5 {[%clk 0:00:33]} 83. Kd3 {[%clk 0:40:21]} 1/2-1/2

[Event "World Chess Olympiad 2018"]
[Site "Batumi"]
[Date "2018.10.05"]
[Round "11"]
[Board "4"]
[WhiteFideId "14800500"]
[White "Gafar Izdine"]
[BlackFideId "8200173"]
[Black "Hanoeman Suradj"]
[Result "1-0"]
[LiveChessVersion "1.4.8"]
[BlackElo "1996"]
[WhiteElo "1984"]

1. e4 {[%clk 1:30:51]} c5 {[%clk 1:29:35]} 2. Nf3 {[%clk 1:31:17]} e6
{[%clk 1:29:48]} 3. c3 {[%clk 1:30:15]} Nf6 {[%clk 1:29:20]} 4. Qc2
{[%clk 1:26:22]} Qc7 {[%clk 1:29:25]} 5. d3 {[%clk 1:22:38]} Nc6 {[%clk 1:29:05]}
6. g3 {[%clk 1:23:05]} g6 {[%clk 1:26:38]} 7. Bg2 {[%clk 1:23:30]} Bg7
{[%clk 1:27:01]} 8. O-O {[%clk 1:23:40]} O-O {[%clk 1:27:14]} 9. Bf4
{[%clk 1:22:54]} d6 {[%clk 1:26:32]} 10. Na3 {[%clk 1:20:44]} a6 {[%clk 1:24:25]}
11. d4 {[%clk 1:20:25]} Nh5 {[%clk 1:20:27]} 12. Be3 {[%clk 1:19:33]} Qe7
{[%clk 1:05:45]} 13. Nc4 {[%clk 1:15:29]} b5 {[%clk 1:01:42]} 14. Nxd6
{[%clk 1:07:50]} Qxd6 {[%clk 0:52:54]} 15. e5 {[%clk 1:08:01]} Qc7
{[%clk 0:52:42]} 16. g4 {[%clk 1:08:22]} Nf6 {[%clk 0:52:37]} 17. exf6
{[%clk 1:08:21]} Bxf6 {[%clk 0:53:04]} 18. dxc5 {[%clk 1:08:18]} Bb7
{[%clk 0:53:05]} 19. b4 {[%clk 1:02:50]} a5 {[%clk 0:47:14]} 20. a4
{[%clk 0:52:40]} Ba6 {[%clk 0:40:39]} 21. Rab1 {[%clk 0:42:47]} axb4
{[%clk 0:40:10]} 22. cxb4 {[%clk 0:42:25]} Rab8 {[%clk 0:37:22]} 23. Rfd1
{[%clk 0:40:36]} bxa4 {[%clk 0:35:12]} 24. Qxa4 {[%clk 0:40:46]} Bb5
{[%clk 0:35:15]} 25. Qc2 {[%clk 0:41:10]} Ra8 {[%clk 0:34:58]} 26. Qe4
{[%clk 0:41:29]} Ra4 {[%clk 0:25:23]} 27. Nd4 {[%clk 0:34:17]} Bxd4
{[%clk 0:19:10]} 28. Bxd4 {[%clk 0:34:25]} Nxb4 {[%clk 0:17:46]} 29. Be5
{[%clk 0:32:34]} Qa5 {[%clk 0:14:52]} 30. Bc3 {[%clk 0:29:35]} Qa6
{[%clk 0:07:22]} 31. Rxb4 {[%clk 0:28:32]} Qa5 1-0

[Event "World Chess Olympiad 2018"]
[Site "Batumi"]
[Date "2018.10.05"]
[Round "11"]
[Board "1"]
[WhiteFideId "3303187"]
[White "Aguilar Luis Miguel"]
[BlackFideId "11900270"]
[Black "Marckens Jean Louis"]
[Result "0-1"]
[LiveChessVersion "1.4.8"]
[BlackElo "1992"]
[WhiteElo "2203"]

1. g3 {[%clk 1:30:50]} e5 {[%clk 1:30:23]} 2. Bg2 {[%clk 1:31:09]} f5
{[%clk 1:30:35]} 3. d4 {[%clk 1:31:25]} e4 {[%clk 1:29:17]} 4. c4
{[%clk 1:30:55]} Nf6 {[%clk 1:28:17]} 5. Nc3 {[%clk 1:30:51]} d5 {[%clk 1:27:14]}
6. cxd5 {[%clk 1:11:21]} Nxd5 {[%clk 1:26:17]} 7. Nh3 {[%clk 1:11:11]} Bb4
{[%clk 1:22:27]} 8. Bd2 {[%clk 1:09:23]} O-O {[%clk 1:18:09]} 9. Qb3
{[%clk 1:00:41]} Bxc3 {[%clk 1:13:39]} 10. bxc3 {[%clk 1:00:56]} Kh8
{[%clk 1:12:46]} 11. c4 {[%clk 0:57:31]} Nf6 {[%clk 1:11:29]} 12. Bc3
{[%clk 0:51:10]} c6 {[%clk 1:10:01]} 13. O-O {[%clk 0:50:39]} Na6
{[%clk 1:08:24]} 14. Rfd1 {[%clk 0:48:47]} b6 {[%clk 1:06:44]} 15. a4
{[%clk 0:44:09]} Be6 {[%clk 1:04:14]} 16. a5 {[%clk 0:31:06]} Rb8
{[%clk 0:55:56]} 17. axb6 {[%clk 0:29:49]} Rxb6 {[%clk 0:54:38]} 18. Qa4
{[%clk 0:26:36]} Qc8 {[%clk 0:48:54]} 19. Rdb1 {[%clk 0:17:03]} Rxb1+
{[%clk 0:45:37]} 20. Rxb1 {[%clk 0:17:28]} Nb8 {[%clk 0:44:39]} 21. Bb4
{[%clk 0:11:22]} Rf7 {[%clk 0:39:06]} 22. Bc5 {[%clk 0:06:18]} Rb7
{[%clk 0:35:56]} 23. Rxb7 {[%clk 0:02:52]} Qxb7 {[%clk 0:36:22]} 24. Nf4
{[%clk 0:02:51]} Bg8 {[%clk 0:35:10]} 25. h3 {[%clk 0:00:36]} g5 {[%clk 0:33:56]}
26. d5 gxf4 {[%clk 0:33:43]} 27. Bd4 {[%clk 0:00:45]} Kg7 {[%clk 0:33:12]} 28.
Qa1 {[%clk 0:00:33]} Nbd7 {[%clk 0:32:23]} 29. dxc6 {[%clk 0:00:35]} Qxc6
{[%clk 0:32:30]} 30. Qxa7 {[%clk 0:00:51]} Bxc4 {[%clk 0:32:14]} 31. g4
{[%clk 0:00:52]} Bxe2 {[%clk 0:30:40]} 32. g5 {[%clk 0:00:46]} Kg6
{[%clk 0:30:16]} 33. gxf6 {[%clk 0:00:52]} Nxf6 {[%clk 0:29:52]} 34. Qa1
{[%clk 0:00:49]} f3 {[%clk 0:29:36]} 35. Bf1 {[%clk 0:00:34]} Bxf1
{[%clk 0:28:41]} 36. Qxf1 {[%clk 0:00:51]} Nd5 {[%clk 0:28:16]} 37. Be5
{[%clk 0:00:34]} f4 {[%clk 0:27:19]} 38. Kh2 {[%clk 0:00:33]} Kf5
{[%clk 0:27:30]} 39. Ba1 {[%clk 0:00:36]} Qg6 {[%clk 0:27:38]} 40. Bb2
{[%clk 0:30:49]} Kg5 {[%clk 0:56:57]} 41. Bd4 {[%clk 0:23:44]} Kh4
{[%clk 0:51:41]} 42. Bb2 {[%clk 0:23:32]} e3 {[%clk 0:49:00]} 43. fxe3
{[%clk 0:22:22]} Qg3+ {[%clk 0:48:54]} 44. Kh1 {[%clk 0:22:43]} f2
{[%clk 0:48:33]} 45. exf4 {[%clk 0:20:59]} Qxh3+ {[%clk 0:48:44]} 46. Qxh3+
{[%clk 0:21:04]} Kxh3 {[%clk 0:49:12]} 0-1

[Event "World Chess Olympiad 2018"]
[Site "Batumi"]
[Date "2018.10.05"]
[Round "11"]
[Board "4"]
[WhiteFideId "11900113"]
[White "Luxama Jacques Muller"]
[BlackFideId "3302105"]
[Black "Rozo Paulo"]
[Result "0-1"]
[LiveChessVersion "1.4.8"]
[BlackElo "2157"]
[WhiteElo "1904"]

1. e4 e5 2. Nf3 Nc6 3. Bc4 Nf6 4. d3 Bc5 5. c3 d6 6. O-O a6 7. b4 Ba7 8. Bg5 h6
9. Be3 Ne7 10. Nh4 Bg4 11. Qb3 O-O 12. Bxa7 Rxa7 13. h3 Bc8 14. a4 c6 15. Qc2 g5
16. Nf3 b6 17. Bb3 Ng6 18. d4 Re7 19. Nbd2 Nf4 20. dxe5 dxe5 21. Nc4 Qc7 22. Ne3
Be6 23. Bxe6 fxe6 24. Nc4 Nd7 25. Kh2 Ref7 26. Ng1 b5 27. Ne3 h5 28. g3 Ng6 29.
Qe2 Nf6 30. Nf3 Nxe4 31. Qd3 Rxf3 32. Qxe4 Rxf2+ 33. Rxf2 Rxf2+ 34. Kg1 Rf6 35.
Kg2 Kg7 36. Rd1 Ne7 37. c4 bxa4 38. c5 Nd5 39. Rd2 Qb8 40. Nc2 a3 41. Nxa3 Qxb4
42. Qxb4 Nxb4 43. Nc4 e4 44. Rd7+ Rf7 45. Rd8 Nd3 46. Nd6 Rf2+ 47. Kg1 Re2 48.
Nxe4 Rxe4 49. Rxd3 Rc4 50. Ra3 Rxc5 51. Rxa6 Rc2 52. Ra8 c5 53. Re8 Re2 54. Kf1
Re5 55. Kf2 g4 56. hxg4 hxg4 57. Rc8 Kf7 58. Rc7+ Kf6 59. Rc8 Ke7 60. Rc6 Kd7 61.
Ra6 c4 62. Ra4 Re4 63. Ra6 c3 64. Ra3 Rc4 65. Ra1 c2 66. Rc1 Kd6 67. Ke2 Kd5 68.
Kd2 0-1